| 000 | 00852nam a2200265 a 4500 | ||
|---|---|---|---|
| 001 | BRCA_2759 | ||
| 005 | 20190320203945.0 | ||
| 008 | 051208s1909----enka---###---#000-0#eng-u | ||
| 050 | 4 |
_aND810 _b.B47 1 _c1909 |
|
| 100 | 1 |
_aBeruete y Moret, Aureliano de _d1876-1922 _97763 |
|
| 245 | 1 | 0 |
_aThe school of Madrid _cby A. de Beruete y Moret ; tr. by Mrs. Steuart Erskine. |
| 260 |
_aLondres _bDuckworth _c1909 |
||
| 300 |
_a288 p. _bil., 47 láminas _c20 cm. |
||
| 440 | 0 |
_aThe library of art _97764 |
|
| 500 | _aIncluye lista de ilustraciones e índice alfabético. | ||
| 500 | _aEjemplar igual a E1 | ||
| 500 | _aAA79 | ||
| 504 | _aBibliografía: p. 269-270 | ||
| 650 | 1 | 4 |
_aPintura _zEspaña _92581 |
| 650 | 1 | 4 |
_aPintura _xHistoria _97765 |
| 650 | 1 | 4 |
_aArte _zMadrid _97766 |
| 700 | 1 |
_aErskine, Steuart _etr. _97767 |
|
| 902 | _aGFM | ||
| 942 |
_2lcc _cB |
||
| 999 |
_c2499 _d2499 |
||